| 000 | 00368 a2200157 4500 | ||
|---|---|---|---|
| 001 | 70988 | ||
| 020 | _a9788538006985 | ||
| 040 | _cAnchieta - Itaigara | ||
| 240 | 1 | 0 |
_aBranca de Neve e os sete anões _lpor |
| 245 | 1 | 0 | _aBranca de Neve e os sete anões |
| 300 | _a32 | ||
| 362 | 0 | _a2011 | |
| 440 | 1 | _aCiranda Cultural | |
| 650 | 4 | _aLiteratura infantil | |
| 942 | _cBK | ||
| 999 |
_c70988 _d70988 |
||